000 00273nam a22001217a 4500
008 171106b xxu||||| |||| 00| 0 eng d
041 _aeng
080 _22ND
_a330.722.6
100 _a62
101 _aKON
245 _aFINANCIAL ACCOUNTING
_cSKOUSEN,K.F
942 _2udc
_cBK
999 _c37942
_d37942